50 Question General Knowledge #1 - Statistics

General Stats
  • This quiz has been taken 74 times
  • The average score is 16 of 50
Answer Stats
Question Answer % Correct
Who painted the Mona Lisa? Leonardo Da Vinci
98%
Which country gave the Statue of Liberty to the USA? France
79%
Which city is a holy place for Christians, Jews, and Muslims? Jerusalem
79%
What is the capital of Kenya? Nairobi
79%
Which ruler of England was known as the Virgin Queen? Elizabeth I
77%
What was the last state to be admitted into the United States of America? Hawaii
73%
Who was the Egyptian god of the sun? Ra
63%
What is the capital of California? Sacramento
61%
In which state would you find the Everglades National Park? Florida
59%
What city has the largest seaport on the USA? Los Angeles
50%
Fagin and the Artful Dodger are characters in this Charles Dickens novel. Oliver Twist
48%
What is the capital of Catalonia? Barcelona
45%
What city has the world's busiest airport? Atlanta
41%
Who was the founding father of Türkiye? Mustafa Kemal Ataturk
41%
Which French king was executed by Maximilien Robespierre during the French Revolution? Louis XVI
39%
What is the capital of Oman? Muscat
39%
What is the name of the canal that connects the Caribbean Sea and the Pacific Ocean Panama Canal
39%
In which year was the partition between India and Pakistan? 1947
38%
What is the capital of Greenland? Nuuk
38%
Who wrote Lord of the Flies? William Golding
38%
What strait separates Europe and Asia and runs through Istanbul? Bosphorus
36%
Who painted the Girl With a Pearl Earring? Johannes Vermeer
34%
What is the national sport of Canada? Lacrosse
34%
What is the tallest building out of all of the current and former members of the EU? The Shard
34%
What does the formula πr2 represent? Area of a Circle
32%
What is the most densely populated country in the world? Monaco
32%
What city is also known as "The Big Easy"? New Orleans
32%
Who owns the ABC islands in the Caribbean? Netherlands
30%
Which country once had a 100% green flag? Libya
27%
What is the capital of Chad? Ndjamena
21%
What is the smallest country in Asia? Maldives
20%
Boeing B747s were manufactured in this city. Seattle
20%
In which city would you find Stanley Park? Vancouver
20%
What is the highest mountain in Canada? Mount Logan
18%
What is the currency of Hungary? Forint
16%
In which city were the 2002 Winter Olympics held in? Salt Lake City
16%
What is the smallest sea that borders Istanbul? Sea of Marmara
13%
What is the capital of Kiribati? Tarawa
13%
Who was the first of the "great" Persian kings? Cyrus
11%
What is the flag carrier airline of Spain? Iberia
11%
What is the name for the ocean crossing between South America and Antarctica? Drake Passage
9%
Who was the first prime minister of Singapore? Lee Kuan Yew
9%
In 2045, what region is expected to be the new capital of Indonesia? Nusantara
9%
What is the tallest mountain the western hemisphere? Mount Aconcagua
5%
On what island did the worst aviation disaster in history happen? Tenerife
5%
What is the name of the sandbar that connects India and Sri Lanka? Adam's Bridge
4%
What is the world's most northerly permanent settlement? Alert
4%
Which airline first operated the Airbus A380? Singapore Airlines
2%
What region of the earth is also known as "The Roof of the World"? Tibetan Plateau
2%
Who was the first francophone prime minister of Canada? Wilfrid Laurier
0%
No matching quizzes found
Score Distribution
Percent of People with Each Score
Percentile by Number Answered
Your Score History
You have not taken this quiz